| 000 | 00551nam a2200193Ia 4500 | ||
|---|---|---|---|
| 005 | 20250508160319.0 | ||
| 008 | 008 250505s9999 xx 000 0 eng d | ||
| 037 | _aTextual | ||
| 040 |
_aFEDL _beng _cFEDL |
||
| 041 |
_aeng _2eng |
||
| 084 |
_a050, IND _qFEDL |
||
| 100 | _aJain Vijay Kumar | ||
| 245 | 0 | _aGuide to Indian periodical literature | |
| 260 |
_aGurgaon, India _bGurgaon Prabhu Book Serivce India _c1965 |
||
| 300 | _axv,545p. | ||
| 650 |
_aSerial-Index _9758417 |
||
| 942 |
_cTEXL _h050, IND |
||
| 999 |
_c1363582 _d1363582 |
||